Cookie!... and the most annoying boy in the world

Bibliographic Details
Main Author: Huq, Konnie
Format: Book
Published: London : Piccadilly Press , 2019
Subjects:

MARC

LEADER 00000cam a2200000 7i4500
001 0000278497
005 20210311162525.0
020 |a 9781848128828 
090 0 0 |a JF   |b HUQ 
100 1 |a Huq, Konnie 
245 1 0 |a Cookie!... and the most annoying boy in the world   |c written and illustrated by Konnie Huq 
260 |a London :   |b Piccadilly Press ,   |c 2019 
300 |a 246p. :   |b ill. ;   |c 21cm. 
650 0 |a Children's stories 
999 |a 00385829   |b BUKU   |c PINJAMAN   |e PERPUSTAKAAN KOMUNITI PETALING JAYA